Statistics for Famous dates in history

Click here to take the quiz!

General Stats

  • This quiz has been taken 674 times
  • The average score is 15 of 20

Answer Stats

HintAnswer% Correct
The start of WW11914
98%
The start of WW21939
98%
The end of WW21945
98%
The end of WW11918
97%
the 9/11 terrorist attacks2001
97%
The Japanese attack on Pearl Harbor1941
93%
The apollo 11 moon landing1969
90%
The assassination of JFK1963
88%
The start of the Korean war1950
76%
The Chernobyl disaster1986
75%
The battle of Hastings1066
74%
The end of the Korean war1953
74%
The year Margaret Thatcher was elected1979
70%
The death of Freddie Mercury1991
66%
The start of the US civil war1861
65%
The year Russia became a communist state1917
65%
The death of Abraham Lincoln1865
60%
The start of the Gulf war1990
59%
The launching of the strategic defence inititive1983
47%
The death of Admiral Horatio Nelson1805
35%

Score Distribution

Percentile by Number Answered

Percent of People with Each Score

Your Score History

You have not taken this quiz